000
00290nam a2200121 a 4500
008
101021s1990|||| d
100
1
_a
Karvaš, Peter
245
1
0
_a
Zastavený čas
044
_a
xo
_c
SK
260
_b
Slovenský spisovateľ
_a
Bratislava
_c
1990
020
_c
35
041
_a
slo
999
_c
12003
_d
12003